000 00347 a2200157 4500
001 194188
020 _a978-85-250-5288-9
040 _cMagnum
100 _aLobato, Monteiro
240 1 0 _aO mês de abril
_lpor
245 1 0 _aO mês de abril
300 _a23
362 0 _a2013
697 _aLÍNGUA - LINGÜÍSTICA - LITERATURA
942 _cBK
999 _c194188
_d194188